000 00424nam a2200145Ia 4500
008 220217s9999||||xx |||||||||||||| ||und||
020 _a978-81-203-3409-0
082 _a004.11 RAJ
100 _aRajaraman, V and Radhakrishnan, T
245 0 _aIntroduction digital computer design
250 _a5th
260 _aPrentice hall of india private Ltd.
_bNew Delhi
_c2008
300 _b325
650 _aCOMPUTER SCIENCE
999 _c177155
_d177155